Joueurs brésiliens ayant joué au Milan AC - Statistiques

Statistiques générales
  • Ce quiz a été pris 44 fois
  • Le résultat moyen est 9 sur 39
Statistiques - réponses
Année d'arrivée Année de départ Club précédant Club suivant Nombre de match Joueurs % Correct
2008 2011 FC Barcelone CR Flamengo 95 Ronaldinho
81%
2007 2008 Real Madrid SC Corinthians 20 Ronaldo
81%
2003 2009 FC São Paulo Real Madrid 307 Kaká
79%
2009 2012 Fluminense FC Paris Saint-Germain 119 Thiago Silva
77%
2010 2014 Manchester City Santos FC 144 Robinho
74%
2003 2008 AS Rome Fin de carrière 166 Cafu
67%
2019 2020 CR Flamengo Olympique Lyonnais 44 Lucas Paquetá
67%
1999 2012 SC Corinthians Portuguesa 302 Dida
65%
2002 2003 FC Barcelone Sans club 40 Rivaldo
49%
2007 2013 SC Internacional SC Corinthians 150 Alexandre Pato
42%
2014 2016 Paris Saint-Germain Fin de carrière 48 Alex
37%
2015 2017 Shakhtar Donetsk Spartak Moscou 36 Luiz Adriano
33%
2007 2009 Real Madrid Santos FC 40 Emerson
30%
2024 2025 Tottenham Hotspur CR Flamengo 26 Emerson Royal
30%
2021 2024 FC Crotone Genoa CFC 68 Junior Messias
23%
2000 2000 Real Madrid Real Madrid 5 Júlio César
21%
1997 2003 Paris Saint-Germain Fin de carrière 124 Leonardo
16%
1999 2008 FC São Paulo Fin de carrière 281 Serginho
14%
2000 2004 SE Palmeiras Bayer 04 Leverkusen 75 Roque Júnior
12%
2005 2011 AC Milan U19 Sans club 3 Digão
7%
2019 2022 CR Flamengo Basaksehir FK 9 Léo Duarte
5%
1997 1999 SSC Napoli Standard de Liège 17 André Cruz
2%
2009 2009 Grêmio Porto Alegre Grêmio Porto Alegre 1 Felipe Mattioni
2%
2012 2018 Cruzeiro EC AC Pérouse 7 Gabriel
2%
1991 1994 Londrina EC VFB Stuttgart 0 Giovane Elber
2%
2019 2022 Lazio Rome Arka Gdynia 0 Luan Capani
2%
2006 2008 Real Betis Balompié Real Saragosse 37 Ricardo Oliveira
2%
2015 2017 AS Avellino Deportivo Alavés 4 Rodrigo Ely
2%
2012 2014 AC Milan U19 AS Avellino 0 Rodrigo Ely
2%
1963 1967 Botafogo FR ACF Fiorentina 131 Amarildo
0%
2006 2006 FC São Paulo SC Corinthians 5 Amoroso
0%
1961 1964 CA Boca Juniors SC Corinthians 72 Dino Sani
0%
1935 1938 SE Palmeiras AC Sampierdarenese 71 Elisio Gabardo
0%
1962 1963 Calcio Padoue CA Boca Juniors 10 Emanuele Del Vecchio
0%
1962 1966 CR Flamengo Standard de Liège 6 Germano
0%
2010 2010 Inter Milan Inter Milan 7 Mancini
0%
2009 2015 AS Livourne Calcio Padoue 0 Marcus Diniz
0%
2007 2008 AC Milan U19 AS Livourne 0 Marcus Diniz
0%
1935 1936 SE Palmeiras SE Palmeiras 57 Vincente Arnoni
0%
Aucun quiz correspondant
Distribution des résultats
% des personnes avec chaque résultat
Percentile par nombre de réponses
Votre historique - résultats
Vous n’avez pas pris ce quiz